Finis le titre de la chanson #25 - Statistiques

Statistiques générales
  • Ce quiz a été pris 153 fois
  • Le résultat moyen est 16 sur 30
Statistiques - réponses
Artistes Chanson Réponse % Correct
Slimane "Des milliers de je t'..." Aime
95%
Joe Dassin "Et si tu n'existais..." Pas
94%
Mika "Relax, Take It..." Easy
88%
Adele "Easy On..." Me
80%
50 Cent "In Da..." Club
76%
Rema, Selena Gomez "Calm..." Down
74%
Katy Perry "Hot N..." Cold
72%
Carla Bruni "Quelqu'un m'a..." Dit
72%
Louane "Si t'étais..."
71%
Shakira "Whenever,..." Wherever
70%
Johnny Hallyday "Je te..." Promets
69%
Britney Spears "I'm a Slave 4..." U
60%
Don Omar, Lucenzo "Danza..." Kuduro
59%
Ricky Martin "Livin' la Vida..." Loca
58%
Nickelback "How You Remind..." Me
58%
Shaggy, Rik Rok "It Wasn't..." Me
55%
Bigflo & Oli, Julien Doré "Coup de..." Vieux
50%
Rihanna "Pon de..." Replay
49%
Mentissa "Et..." Bam
46%
SDM "Bolide..." Allemand
45%
Edward Maya, Vika Jigulina "Stereo..." Love
43%
Cascada "Evacuate The..." Dancefloor
36%
Selena Gomez "Same Old..." Love
36%
Gun N' Roses "Sweet Child O'..." Mine
36%
Michael Bublé "Haven't Met You..." Yet
30%
Kungs "Never Going..." Home
28%
Ariana Grande, Lana Del Rey, Miley Cyrus "Don’t Call Me..." Angel
18%
Bob Sinclar, Gary Pine "Love..." Generation
15%
Maroon 5, Megan Thee Stallion "Beautiful..." Mistakes
12%
Grand Corps Malade "Retiens les..." Rêves
11%
Aucun quiz correspondant
Distribution des résultats
% des personnes avec chaque résultat
Percentile par nombre de réponses
Votre historique - résultats
Vous n’avez pas pris ce quiz